|
|
|
|
| LEADER |
01537nam a2200325 a 4500 |
| 001 |
25977 |
| 003 |
BD-DhAAL |
| 008 |
120910r20072006nju b 001 0 eng d |
| 999 |
|
|
|c 12834
|d 12834
|
| 010 |
|
|
|a 2005053464
|
| 020 |
|
|
|a 0131477323
|
| 020 |
|
|
|a 813170937X
|
| 040 |
|
|
|a DLC
|c DLC
|d DLC
|c BD-DhAAL
|
| 082 |
0 |
0 |
|a 658.83
|2 22
|
| 100 |
1 |
|
|a Burns, Alvin C.
|9 40172
|
| 245 |
1 |
0 |
|a Marketing research /
|c Alvin C. Burns, Ronald F. Bush.
|
| 250 |
|
|
|a Fifth edition
|
| 260 |
|
|
|a Upper Saddle River, NJ :
|b Pearson/Prentice Hall ;
|a New Delhi :
|b Dorling Kindersley,
|c 2006.[second impression 2007]
|
| 300 |
|
|
|a xxxi, 665 pages :
|b illustrations ;
|c 26 cm.
|
| 500 |
|
|
|a "SPSS integration"-- Pref.
|
| 504 |
|
|
|a Includes bibliographical references (pages [627]-645)and index.
|
| 541 |
|
|
|a 00025977
|
| 630 |
0 |
0 |
|a SPSS for Windows.
|9 40173
|
| 650 |
|
0 |
|a Marketing research.
|9 40174
|
| 700 |
1 |
|
|a Bush, Ronald F.
|9 40175
|
| 852 |
1 |
|
|a Ayesha Abed Library
|j General Stacks
|
| 942 |
0 |
0 |
|0 3
|2 ddc
|c BK
|
| 952 |
|
|
|0 0
|1 0
|2 ddc
|4 0
|6 658_830000000000000_BUR
|7 0
|9 21111
|a BRACUL
|b BRACUL
|c GEN
|d 2012-09-11
|e Parama
|g 550.00
|l 8
|m 33
|o 658.83 BUR
|p 3010025977
|r 2018-12-15
|s 2018-09-10
|t 1
|w 2012-09-11
|y BK
|
| 952 |
|
|
|0 0
|1 0
|2 ddc
|4 0
|6 658_830000000000000_BUR
|7 0
|9 21112
|a BRACUL
|b BRACUL
|c GEN
|d 2012-09-11
|e Parama
|g 550.00
|l 7
|m 39
|o 658.83 BUR
|p 3010025978
|r 2017-12-17
|s 2017-09-12
|t 2
|w 2012-09-11
|y BK
|
| 952 |
|
|
|0 0
|1 0
|2 ddc
|4 0
|6 658_830000000000000_BUR
|7 0
|9 21113
|a BRACUL
|b BRACUL
|c GEN
|d 2012-09-11
|e Parama
|g 550.00
|l 4
|m 43
|o 658.83 BUR
|p 3010025979
|r 2017-12-19
|s 2017-09-19
|t 3
|w 2012-09-11
|y BK
|